000 00272nam a22001217a 4500
008 181023b xxu||||| |||| 00| 0 eng d
041 _aeng
080 _a371
100 _a46
101 _aEDU
245 _aA Laboratory Approach to Writing
_cLaque,C.F
942 _2udc
_cBK
999 _c50725
_d50725